Pierre-Auguste Renoir, 1841-1919: un sueño de armonía

Gespeichert in:
Bibliographische Detailangaben
1. Verfasser: Feist, Peter H (VerfasserIn)
Format: Buch
Sprache:Spanisch
Veröffentlicht: Colonia Taschen 2001
Schlagworte:
Tags: Tag hinzufügen
Keine Tags, Fügen Sie den ersten Tag hinzu!

MARC

LEADER 00000nam a2200000 a 4500
001 UCM8434
003 CL-VaPUC
008 030314e20010000GW |||||||||||||||||spa|d
020 |a 3822809527 
082 0 4 |a 759.4  |b FEI  |2 21 
100 0 |a Feist, Peter H  |e author  |9 474487 
245 1 0 |a Pierre-Auguste Renoir, 1841-1919: un sueño de armonía 
300 |a 95 p 
942 |c BK 
945 |d 20030314 00:00:00  |a vberengu 
260 |a Colonia  |b Taschen  |c 2001 
600 0 |a Renoir, Pierre-Auguste,  |d 1841-1919  |9 474488 
650 0 |a Pintores franceses   |9 340354 
650 0 |a Pintura francesa  |9 266122 
650 7 |a IMPRESIONISMO  |2 CL-VaPUC  |9 324638 
583 |a last modification  |c 20130430 02:51:08  |k Rodrigo Vera 
999 |c 302945  |d 302943 
952 |0 0  |1 0  |4 0  |6 759_400000000000000_FEI_2001  |7 0  |8 A  |9 363796  |a BIBHIS  |b BIBHIS  |d 2019-11-21  |i 4247000  |o 759.4 FEI 2001  |p 4247000  |r 2025-01-20  |w 2019-11-21  |y BK  |k HIS